[Event "Dearborn (MI Inv/2)"]
[Site "Dearborn"]
[Date "1995.??.??"]
[Round "?"]
[White "Tsemekhman, Vadim"]
[Black "Finegold, Ben"]
[Result "1-0"]
[WhiteElo "2470"]
[BlackElo "2600"]
[PlyCount "79"]
[EventDate "1995.??.??"]

1. d4 d5 2. c4 Nc6 3. Nf3 Bg4 4. cxd5 Bxf3 5. dxc6 Bxc6 6. Nc3 e6 7. e4 Bb4 8.
f3 Ne7 9. Bc4 Qd7 10. Qb3 a5 11. a3 Bxc3+ 12. bxc3 a4 13. Qb2 f5 14. O-O fxe4
15. fxe4 Bxe4 16. Bg5 Bd5 17. Bd3 O-O-O 18. Rf7 Rde8 19. c4 Bc6 20. Raf1 h6 21.
Bh4 g5 22. Bg3 Qd8 23. Be5 Rhf8 24. Qb4 b6 25. Rh7 Rf4 26. Rxf4 gxf4 27. Bf6
Rf8 28. Be5 Re8 29. Rf7 Bb7 30. Bf6 Nc6 31. Qxa4 Ne7 32. Bf1 f3 33. gxf3 Bxf3
34. Qb4 c5 35. Qa4 Bc6 36. Qa7 Qd7 37. Qxb6 e5 38. Bxe5 Qg4+ 39. Bg3 Qxd4+ 40.
Rf2 $138 1-0

[Event "Dearborn (MI Inv/5)"]
[Site "Dearborn"]
[Date "1995.??.??"]
[Round "?"]
[White "Tsemekhman, Vadim"]
[Black "Feldman, Steve"]
[Result "1-0"]
[WhiteElo "2470"]
[BlackElo "2340"]
[PlyCount "83"]
[EventDate "1995.??.??"]

1. d4 d5 2. c4 Nc6 3. Nf3 Bg4 4. Qa4 Bxf3 5. exf3 e6 6. cxd5 exd5 7. Nc3 Bb4 8.
Bb5 Qd7 9. O-O Nge7 10. Bg5 f6 11. Bf4 Bd6 12. Bxd6 Qxd6 13. Bxc6+ bxc6 14.
Rfe1 O-O 15. Qc2 Rab8 16. Na4 Rb4 17. Rad1 Rc4 18. Nc3 c5 19. dxc5 Qxc5 20. Qe2
Rf7 21. Rd3 d4 22. Ne4 Qd5 23. Nd2 Rc2 24. Rb3 g6 25. Qd3 Rc6 26. Rb8+ Kg7 27.
Nb3 Nf5 28. g3 Rd6 29. Rb5 Qc6 30. Kg2 h5 31. Rxf5 gxf5 32. Nxd4 Qd5 33. Nxf5+
Kf8 34. Qb1 Re6 35. Rd1 Qa8 36. Qc1 Rh7 37. Qc5+ Kg8 38. Qc4 Qc6 39. Rd8+ Kf7
40. Qb4 Kg6 41. Rg8+ Kxf5 42. Qf4# 1-0

[Event "Troy (TCC/4/2)"]
[Site "?"]
[Date "1995.??.??"]
[Round "?"]
[White "Tsemekhman, Vadim"]
[Black "Chehayeb, Sal"]
[Result "1-0"]
[WhiteElo "2470"]
[BlackElo "2030"]
[PlyCount "81"]
[EventDate "1995.??.??"]

{4/(2)} 1. d4 Nf6 2. c4 c5 3. d5 b5 4. cxb5 a6 5. bxa6 Bxa6 6. Nc3 d6 7. g3 g6
8. Bg2 Bg7 9. Nf3 O-O 10. O-O Nbd7 11. Qc2 Ng4 12. Rd1 Qb6 13. h3 Nge5 14. Nxe5
Nxe5 15. Rb1 Rfb8 16. b3 Ra7 17. a4 Nd7 18. Be3 Qa5 19. Na2 Rab7 20. Rdc1 Qd8
21. Kh2 Ne5 22. f4 Nd7 23. Bf2 f5 24. e4 fxe4 25. Bxe4 Nf6 26. Bf3 Qe8 27. Re1
Qf7 28. Re6 Rc7 29. b4 Bc8 30. b5 Bxe6 31. dxe6 Qxe6 32. b6 Rcc8 33. a5 d5 34.
Nc3 Qc6 35. Na4 Nd7 36. a6 e5 37. a7 Rb7 38. Qa2 c4 39. Nc3 Nxb6 40. Rxb6 Rxb6
41. Bxd5+ 1-0

[Event "Detroit (MI Team/2/2/1)"]
[Site "?"]
[Date "1995.??.??"]
[Round "?"]
[White "Tsemekhman, Vadim"]
[Black "Calton, Bill"]
[Result "1-0"]
[WhiteElo "2475"]
[BlackElo "2230"]
[PlyCount "81"]
[EventDate "1995.??.??"]

{2/2} 1. d4 Nf6 2. c4 e6 3. Nc3 Bb4 4. e3 d5 5. a3 Bxc3+ 6. bxc3 c5 7. cxd5
exd5 8. Bd3 Nc6 9. Ne2 O-O 10. O-O Re8 11. Ng3 Qa5 12. Bd2 Qc7 13. Rc1 Bd7 14.
c4 dxc4 15. Bxc4 cxd4 16. exd4 Be6 17. Bg5 Nd5 18. Bxd5 Bxd5 19. Nf5 Qd7 20.
Qg4 Re6 21. Rc3 g6 22. Qh4 f6 23. Bxf6 Rxf6 24. Qxf6 Qxf5 25. Qxf5 gxf5 26. Re1
Rd8 27. f3 Kf7 28. Rc5 b6 29. Rc3 Rd6 30. Kf2 Rh6 31. Rce3 Rh4 32. Re8 Rxd4 33.
Rh8 Rd2+ 34. Ke3 Ra2 35. Rxh7+ Kg6 36. Rd7 Rxa3+ 37. Kf4 Ra4+ 38. Kg3 Rd4 39.
Rd6+ Kf7 40. Rc1 Ke7 41. Rcxc6 1-0

[Event "East Lansing (MEX/2/2)"]
[Site "?"]
[Date "1995.??.??"]
[Round "?"]
[White "Tsemekhman, Vadim"]
[Black "Brooks, John"]
[Result "1-0"]
[WhiteElo "2485"]
[BlackElo "2195"]
[PlyCount "101"]
[EventDate "1995.??.??"]

{2/(2)} 1. d4 Nf6 2. c4 e6 3. Nc3 Bb4 4. e3 c5 5. Bd3 Nc6 6. Nge2 d5 7. O-O
cxd4 8. exd4 dxc4 9. Bxc4 O-O 10. a3 Be7 11. Bf4 b6 12. Qd3 Nh5 13. Be3 Bb7 14.
Rad1 Na5 15. Ba2 Qc8 16. b4 Ba6 17. b5 Bb7 18. d5 Rd8 19. Bd4 exd5 20. Rfe1 Nc4
21. Qf3 Nf6 22. Ng3 Ne4 23. Nf5 Bf8 24. Nxe4 dxe4 25. Nh6+ Kh8 26. Nxf7+ Kg8
27. Qh5 Rd5 28. Ng5 Rxg5 29. Qxg5 Qe6 30. Qe5 Qf7 31. Bxc4 Qxc4 32. Rc1 Qd5 33.
Rc7 Qxe5 34. Bxe5 Bd5 35. Rd1 Be6 36. h3 h5 37. Bb2 Kh7 38. Rd4 Bf5 39. Rd5 Bg6
40. a4 Be8 41. Bd4 Kh6 42. Rf5 Bd6 43. Bxg7+ Kh7 44. Rb7 Bc5 45. Bc3+ Kh6 46.
Rf6+ Bg6 47. Re6 Rd8 48. Rg7 Rd1+ 49. Kh2 Bd6+ 50. g3 h4 51. Rgxg6+ 1-0

[Event "East Lansing (MI Op/4/16)"]
[Site "?"]
[Date "1995.??.??"]
[Round "?"]
[White "Triplett, Thomas"]
[Black "Zaremba, Andrei"]
[Result "1/2-1/2"]
[WhiteElo "1900"]
[BlackElo "2040"]
[PlyCount "73"]
[EventDate "1995.??.??"]

{4/(16)} 1. e4 c5 2. Nf3 Nc6 3. d4 cxd4 4. Nxd4 e6 5. Be3 Nf6 6. Bd3 d5 7. Nxc6
bxc6 8. e5 Nd7 9. f4 Rb8 10. b3 Bc5 11. Bxc5 Nxc5 12. O-O Qb6 13. Kh1 Nxd3 14.
cxd3 O-O 15. Nc3 Ba6 16. Rc1 Qd4 17. Rf3 f6 18. Ne2 Qb6 19. exf6 Rxf6 20. Qc2
e5 21. f5 Rbf8 22. Ng3 Bc8 23. Qc3 Qc7 24. Rcf1 h6 25. Qc1 Bd7 26. b4 Kh8 27.
a3 Qc8 28. Qe3 Qc7 29. R1f2 Bc8 30. Rf1 a5 31. R1f2 axb4 32. axb4 d4 33. Qe1 c5
34. bxc5 Bb7 35. Ne4 Bxe4 36. Qxe4 Qxc5 37. h3 1/2-1/2

[Event "East Lansing (MI Op/7/13)"]
[Site "?"]
[Date "1995.??.??"]
[Round "?"]
[White "Triplett, Thomas"]
[Black "Steele, G."]
[Result "0-1"]
[WhiteElo "1900"]
[BlackElo "2015"]
[PlyCount "94"]
[EventDate "1995.??.??"]

{7/(13)} 1. e4 c5 2. Nf3 Nc6 3. d4 cxd4 4. Nxd4 g6 5. Nc3 Bg7 6. Be3 Nf6 7. f3
O-O 8. Qd2 d5 9. Nxc6 bxc6 10. exd5 Nxd5 11. Nxd5 cxd5 12. c3 Bf5 13. Be2 Qa5
14. O-O Rfd8 15. Kh1 d4 16. cxd4 Qxd2 17. Bxd2 Bxd4 18. Bc3 Bxc3 19. bxc3 Rac8
20. Rfc1 Rd2 21. Bf1 Rb8 22. c4 Rbb2 23. c5 Rdc2 24. c6 Rxa2 25. Rab1 Kg7 26.
Rxc2 Rxc2 27. g4 Be6 28. h3 Bd5 29. Rb7 Bxf3+ 30. Kg1 e5 31. Rxa7 Bxc6 32. g5
Bf3 33. Bb5 Rg2+ 34. Kf1 Rxg5 35. Bd7 Kh6 36. h4 Rh5 37. Be8 f5 38. Kf2 Bd1 39.
Kg3 f4+ 40. Kh3 Rf5 41. Bf7 g5 42. Bg8 g4+ 43. Kg2 f3+ 44. Kg3 f2 45. Rxh7+ Kg6
46. Rd7 Rf3+ 47. Kxg4 Rd3# 0-1

[Event "Lansing (Mini-Swiss.1/3)"]
[Site "?"]
[Date "1995.??.??"]
[Round "?"]
[White "Triplett, Thomas"]
[Black "Pope, Nick"]
[Result "1-0"]
[WhiteElo "1945"]
[BlackElo "1795"]
[PlyCount "109"]
[EventDate "1995.??.??"]

{1/(3)} 1. e4 e5 2. Nf3 Nf6 3. Nxe5 d6 4. Nf3 Nxe4 5. d4 d5 6. Bd3 Nc6 7. O-O
Be7 8. Re1 Nf6 9. c3 O-O 10. Ne5 Re8 11. Nd2 Be6 12. Ndf3 Bd6 13. Bg5 Ne7 14.
Nh4 Nd7 15. Qh5 Nf8 16. Bd2 f6 17. Nef3 Qd7 18. h3 Bf7 19. Qg4 Qxg4 20. hxg4
Neg6 21. g5 Nxh4 22. Nxh4 fxg5 23. Bxg5 c6 24. Rxe8 Rxe8 25. Nf5 Bc7 26. Kf1
Ng6 27. g3 h6 28. Bd2 Ne7 29. Re1 Nxf5 30. Bxf5 Rxe1+ 31. Kxe1 Kf8 32. Ke2 Ke7
33. Bc8 b6 34. Kf3 Be6 35. Bxe6 Kxe6 36. Bf4 Bxf4 37. Kxf4 g6 38. g4 Kf6 39. b3
g5+ 40. Kg3 Kg6 41. f4 gxf4+ 42. Kxf4 Kf6 43. a4 a5 44. c4 Ke6 45. c5 bxc5 46.
dxc5 Kf6 47. Ke3 Kg5 48. b4 axb4 49. Kd2 d4 50. a5 b3 51. a6 Kf4 52. a7 b2 53.
Kc2 Ke3 54. a8=Q d3+ 55. Kxb2 1-0

[Event "Lansing (Mini-Swiss.1/1)"]
[Site "?"]
[Date "1995.??.??"]
[Round "?"]
[White "Triplett, Thomas"]
[Black "Noren, Kevin"]
[Result "0-1"]
[WhiteElo "1945"]
[BlackElo "2275"]
[PlyCount "54"]
[EventDate "1995.??.??"]

{1/(1)} 1. e4 e5 2. Nf3 f5 3. Bc4 fxe4 4. Nxe5 d5 5. Qh5+ g6 6. Nxg6 hxg6 7.
Qxh8 Kf7 8. Qd4 Be6 9. Be2 Nc6 10. Qe3 Bh6 11. Qa3 Nd4 12. Bd1 Ne7 13. Nc3 Nef5
14. Ne2 Qg5 15. Ng3 Nh4 16. O-O Nxg2 17. Kxg2 Qh4 18. Rh1 Bh3+ 19. Kg1 Bg4 20.
Bxg4 Qxg4 21. Qc5 Qd1+ 22. Nf1 Qg4+ 23. Ng3 Qd1+ 24. Kg2 Qf3+ 25. Kh3 Ne6 26.
Qc3 Ng5+ 27. Kh4 Qf4# 0-1

[Event "Lansing (Mini-Swiss.1/1)"]
[Site "?"]
[Date "1995.??.??"]
[Round "?"]
[White "Triplett, Thomas"]
[Black "Noren, Kevin"]
[Result "0-1"]
[WhiteElo "2280"]
[BlackElo "1945"]
[PlyCount "64"]
[EventDate "1995.??.??"]

{1/(1)} 1. e4 c5 2. Nf3 Nc6 3. d4 cxd4 4. Nxd4 g6 5. Nc3 Bg7 6. Be3 Nf6 7. f3
O-O 8. Bc4 Qb6 9. Bb3 Nxe4 10. Nf5 Nxc3 11. bxc3 Bxc3+ 12. Kf2 Qb4 13. Rb1 gxf5
14. Bxf7+ Rxf7 15. Rxb4 Bxb4 16. h4 f4 17. Bc1 Bc5+ 18. Kf1 d6 19. Qd5 e5 20.
a3 Nd4 21. c3 Be6 22. Qe4 Bc4+ 23. Ke1 d5 24. Qxe5 Re7 25. cxd4 Rxe5+ 26. dxe5
Be3 27. Bxe3 fxe3 28. h5 Rc8 29. Rh4 Bb5 30. Kd1 e2+ 31. Kd2 Rc1 32. Rg4+ Kf8
0-1

[Event "East Lansing (MI Op/2/33)"]
[Site "?"]
[Date "1995.??.??"]
[Round "?"]
[White "Triplett, Thomas"]
[Black "McCarter, Robert"]
[Result "1-0"]
[WhiteElo "1900"]
[BlackElo "1725"]
[PlyCount "107"]
[EventDate "1995.??.??"]

{2/(33)} 1. e4 c5 2. Nf3 d6 3. d4 cxd4 4. Nxd4 Nf6 5. Nc3 a6 6. Be3 e5 7. Nf3
Be7 8. Bc4 O-O 9. O-O b5 10. Bd5 Nxd5 11. Nxd5 Nd7 12. Nxe7+ Qxe7 13. Qd5 Rb8
14. Rfd1 Nb6 15. Bxb6 Rxb6 16. Rd2 Bb7 17. Qd3 f6 18. a3 Qe6 19. Qe3 Rc6 20.
Ne1 Rfc8 21. f3 Rc5 22. Qf2 d5 23. Nd3 R5c7 24. exd5 Bxd5 25. Re1 Bb7 26. c3
Qc4 27. Red1 Qe6 28. Nb4 a5 29. Rd6 Qc4 30. Nd5 Bxd5 31. R6xd5 Rc5 32. Rd7 R5c7
33. Qg3 Rxd7 34. Rxd7 Qc5+ 35. Qf2 Qxf2+ 36. Kxf2 b4 37. axb4 axb4 38. cxb4
Rc2+ 39. Kg3 Rxb2 40. Rb7 Kf8 41. b5 f5 42. b6 e4 43. fxe4 fxe4 44. Kf4 Rxg2
45. Rc7 Rxh2 46. b7 Rb2 47. Rc8+ Kf7 48. b8=Q Rxb8 49. Rxb8 Kg6 50. Rb5 h5 51.
Kxe4 Kh6 52. Kf4 g6 53. Rc5 h4 54. Kg4 1-0

[Event "East Lansing (Class A/5/2)"]
[Site "?"]
[Date "1995.??.??"]
[Round "?"]
[White "Triplett, Thomas"]
[Black "Garrison, Ray"]
[Result "0-1"]
[WhiteElo "1930"]
[BlackElo "1915"]
[PlyCount "42"]
[EventDate "1995.??.??"]

{5/(2)} 1. e4 e6 2. d4 d5 3. Nd2 Nf6 4. e5 Nfd7 5. Bd3 c5 6. c3 Nc6 7. Ne2 cxd4
8. cxd4 Qb6 9. Nf3 f6 10. exf6 Nxf6 11. O-O Bd6 12. a3 O-O 13. b4 e5 14. Qb3
Kh8 15. dxe5 Nxe5 16. Nxe5 Bxe5 17. Bb2 Bxh2+ 18. Kxh2 Ng4+ 19. Kg3 Rxf2 20.
Bd4 Qd6+ 21. Nf4 Qxf4+ 0-1

[Event "Lansing (Mini-Swiss.1/3)"]
[Site "?"]
[Date "1995.??.??"]
[Round "?"]
[White "Triplett, Thomas"]
[Black "Garrison, Ray"]
[Result "0-1"]
[WhiteElo "1915"]
[BlackElo "1965"]
[PlyCount "74"]
[EventDate "1995.??.??"]

{1/(3)} 1. e4 c5 2. Nf3 e6 3. d4 cxd4 4. Nxd4 Nc6 5. Nc3 Nf6 6. Ndb5 d6 7. Bf4
e5 8. Bg5 a6 9. Na3 b5 10. Nd5 Be6 11. Bxf6 gxf6 12. c3 f5 13. exf5 Bxf5 14.
Qf3 Be6 15. Nf6+ Ke7 16. Nxh7 Rxh7 17. Qxc6 Rh4 18. Nc2 Bh6 19. g3 Rc8 20. Qf3
e4 21. Qe2 Bc4 22. Qd1 e3 23. gxh4 exf2+ 24. Kxf2 Kf8 25. Qd4 Bg7 26. Qf4 Be5
27. Qh6+ Bg7 28. Qf4 Be5 29. Qg4 Be6 30. Qh5 Rc5 31. Ke2 Bc4+ 32. Kd1 Rd5+ 33.
Nd4 Bxd4 34. Qh7 Be3+ 35. Ke1 Bd2+ 36. Kd1 Bg5+ 37. Ke1 Bxh4+ 0-1

[Event "East Lansing (MI Op/6/12)"]
[Site "?"]
[Date "1995.??.??"]
[Round "?"]
[White "Triplett, Thomas"]
[Black "Chehayeb, Sal"]
[Result "0-1"]
[WhiteElo "1900"]
[BlackElo "2055"]
[PlyCount "194"]
[EventDate "1995.??.??"]

{6/(12)} 1. e4 c5 2. Nf3 Nc6 3. d4 cxd4 4. Nxd4 e5 5. Nf3 Bc5 6. Bc4 Nf6 7. Nc3
d6 8. O-O Bg4 9. Qd3 Nb4 10. Qe2 Bxf3 11. gxf3 Nd7 12. Kh1 Qh4 13. Nd5 Nxd5 14.
Bxd5 Rb8 15. Be3 O-O 16. Rg1 Bxe3 17. Qxe3 Nf6 18. Bb3 b6 19. Rg3 Nh5 20. Rg4
Qf6 21. Rag1 g6 22. c3 Nf4 23. h4 h5 24. Rg5 Kh7 25. Kh2 Rbc8 26. Rd1 Rfd8 27.
Rdg1 Rc7 28. Re1 b5 29. Rd1 Rc5 30. Re1 a5 31. a3 b4 32. cxb4 axb4 33. a4 Ne6
34. Bxe6 Qxe6 35. Reg1 Rc2 36. R1g2 Ra8 37. a5 Rxb2 38. Rxh5+ gxh5 39. Qg5 Qg6
40. Qc1 Qf6 41. Qxb2 Qxh4+ 42. Kg1 Rxa5 43. Rh2 Qg5+ 44. Rg2 Qf4 45. Rg3 Ra3
46. Kg2 h4 47. Rh3 Rd3 48. Qxb4 Rd1 49. Qb3 Qg5+ 50. Rg3 hxg3 51. Qxd1 gxf2+
52. Kxf2 Qh6 53. Qd5 Qe6 54. Qa8 Kg7 55. Ke2 Qc4+ 56. Kf2 Qd4+ 57. Kg2 Qd3 58.
Kf2 f5 59. Qb7+ Kf6 60. exf5 Qxf5 61. Qd5 Qe6 62. Qa8 d5 63. Qd8+ Kf7 64. Qh8
Qb6+ 65. Kg2 Qb2+ 66. Kg3 Qd4 67. Qh7+ Ke6 68. Qg6+ Kd7 69. Qf7+ Kc6 70. Qe6+
Kb5 71. Qd7+ Kc4 72. Qa4+ Kc3 73. Qa3+ Kd2 74. Qa2+ Ke1 75. Qb1+ Qd1 76. Qb2
Qd4 77. Qc1+ Ke2 78. Qc2+ Qd2 79. Qb3 Qf4+ 80. Kg2 Qg5+ 81. Kh3 d4 82. Qc2+ Qd2
83. Qe4+ Qe3 84. Qc2+ Kxf3 85. Qg2+ Kf4+ 86. Kh4 Qe1+ 87. Kh3 Ke3 88. Qg5+ Kd3
89. Qg6+ Kd2 90. Qg2+ Qe2 91. Qb7 Qe3+ 92. Kh2 d3 93. Qb4+ Kd1 94. Qb1+ Ke2 95.
Qb2+ d2 96. Qb5+ Ke1 97. Qb4 Qf4+ 0-1

[Event "East Lansing (Class A/1/7)"]
[Site "?"]
[Date "1995.??.??"]
[Round "?"]
[White "Triplett, Thomas"]
[Black "Arganian, David H"]
[Result "1-0"]
[WhiteElo "1930"]
[BlackElo "1850"]
[PlyCount "73"]
[EventDate "1995.??.??"]

{1/(7)} 1. e4 e5 2. Nf3 d6 3. d4 f5 4. Nc3 fxe4 5. Nxe4 d5 6. Ng3 e4 7. Ne5 Nf6
8. Be2 Bd6 9. Bh5+ g6 10. Be2 Nbd7 11. Bf4 Qe7 12. Nxd7 Bxf4 13. Nxf6+ Qxf6 14.
O-O O-O 15. c3 c6 16. Qb3 h5 17. Nxe4 Bxh2+ 18. Kxh2 Qh4+ 19. Kg1 Qxe4 20. Rae1
Qh4 21. Bd3 Kg7 22. Re5 Rf7 23. Qc2 Kh6 24. Bxg6 Bf5 25. Bxf5 Rg8 26. Qd2+ Qg5
27. Qxg5+ Rxg5 28. Re6+ Kg7 29. Bh3 h4 30. Rfe1 Kh7 31. R1e5 Rxe5 32. Rxe5 b5
33. f3 a5 34. Re6 Rc7 35. Rd6 b4 36. Rd7+ Rxd7 37. Bxd7 1-0

[Event "Detroit (MI Action/2/18)"]
[Site "?"]
[Date "1995.??.??"]
[Round "?"]
[White "Trice, Shevonne"]
[Black "Wood, C."]
[Result "0-1"]
[WhiteElo "1605"]
[BlackElo "1605"]
[PlyCount "50"]
[EventDate "1995.??.??"]

{2/(18)} 1. e4 c5 2. Nf3 Nc6 3. Nc3 g6 4. Bc4 Bg7 5. Ng5 Ne5 6. d3 Nxc4 7. dxc4
d6 8. Qf3 Nf6 9. Nd5 O-O 10. Nxf6+ Bxf6 11. Qh3 Bxh3 12. Nxh3 Qb6 13. O-O Rab8
14. Nf4 e6 15. Nd3 Rfd8 16. Rd1 d5 17. exd5 exd5 18. cxd5 Rxd5 19. Re1 g5 20.
c3 Rxd3 21. g3 Qc6 22. f4 gxf4 23. gxf4 Rbd8 24. Kf2 Bh4+ 25. Ke2 Qf3# 0-1

[Event "Ann Arbor (MI Women/2/6)"]
[Site "?"]
[Date "1995.??.??"]
[Round "?"]
[White "Trice, Shevonne"]
[Black "Williams, A."]
[Result "1-0"]
[WhiteElo "1605"]
[BlackElo "1605"]
[PlyCount "61"]
[EventDate "1995.??.??"]

{2/(6)} 1. e4 Nf6 2. Nf3 Nc6 3. Nc3 e5 4. Bc4 Bc5 5. O-O d6 6. d3 O-O 7. Bg5 h6
8. Bh4 g5 9. Bg3 Bg4 10. h3 Bh5 11. Qd2 Nb4 12. Rfe1 Re8 13. a3 Nc6 14. Rad1 b6
15. b4 Bd4 16. Kf1 Bxc3 17. Qe3 Bxe1 18. Rxe1 a6 19. c3 Bxf3 20. Qxf3 a5 21. h4
axb4 22. cxb4 Rxa3 23. Qf5 Nd4 24. Qh3 Nc2 25. Rc1 Nxb4 26. hxg5 hxg5 27. Qh6
Qd7 28. Qxf6 b5 29. Qxg5+ Kh7 30. Ke2 bxc4 31. Rh1+ 1-0

[Event "Detroit (MI Action/4/22)"]
[Site "?"]
[Date "1995.??.??"]
[Round "?"]
[White "Trice, Shevonne"]
[Black "Shaw, L."]
[Result "0-1"]
[WhiteElo "1605"]
[BlackElo "1605"]
[PlyCount "70"]
[EventDate "1995.??.??"]

{4/(22)} 1. e4 c5 2. Nf3 Nc6 3. Nc3 g6 4. Bb5 Bg7 5. O-O Ne5 6. d3 Nxf3+ 7.
Qxf3 a6 8. Bc4 e6 9. Re1 Nh6 10. Nd5 O-O 11. Nb6 Qxb6 12. Bxh6 Bxh6 13. Rab1
Qc7 14. e5 Bg7 15. Qg3 b5 16. Bb3 a5 17. a4 bxa4 18. Bxa4 Bb7 19. f3 c4 20. Bb5
Qc5+ 21. Kf1 Qxb5 22. Re4 cxd3 23. cxd3 Qxd3+ 24. Ke1 Qxb1+ 25. Ke2 Ba6+ 26.
Ke3 Qc1+ 27. Kd4 Qc4+ 28. Ke3 Bh6+ 29. f4 Qd3+ 30. Kf2 Qxe4 31. Kg1 Bxf4 32.
Qf2 Qb1+ 33. Qf1 Be3+ 34. Kh1 Bxf1 35. g4 Bh3# 0-1

[Event "Grand Rapids (MI Am/2/9)"]
[Site "?"]
[Date "1995.??.??"]
[Round "?"]
[White "Townsend, Paul"]
[Black "Scioly, Tony"]
[Result "1-0"]
[WhiteElo "1865"]
[BlackElo "1605"]
[PlyCount "49"]
[EventDate "1995.??.??"]

{2/(9)} 1. e4 c5 2. f4 e6 3. Bc4 d5 4. exd5 exd5 5. Bb5+ Bd7 6. Qe2+ Be7 7. Nc3
Nf6 8. Nf3 O-O 9. Bxd7 Nbxd7 10. O-O Re8 11. d3 Bd6 12. Qd1 a6 13. Ne2 Qc7 14.
c3 Nf8 15. Nh4 Qd7 16. Ng3 g6 17. Qf3 Ne6 18. f5 Nd8 19. fxg6 Ng4 20. gxh7+
Kxh7 21. Nhf5 Rg8 22. Nxd6 Qxd6 23. h3 Ne5 24. Qh5+ Kg7 25. Nf5+ 1-0

[Event "Grand Rapids (MI Am/4/7)"]
[Site "?"]
[Date "1995.??.??"]
[Round "?"]
[White "Townsend, Paul"]
[Black "Brown, Ralph"]
[Result "1/2-1/2"]
[WhiteElo "1860"]
[BlackElo "1650"]
[PlyCount "57"]
[EventDate "1995.??.??"]

{4/(7)} 1. e4 e5 2. Nf3 Nc6 3. Bc4 h6 4. d4 d6 5. dxe5 Qe7 6. exd6 Qxe4+ 7. Qe2
Qxe2+ 8. Kxe2 Bxd6 9. Re1 Nge7 10. Nc3 Bg4 11. Bb5 O-O-O 12. Bxc6 Nxc6 13. Kf1
Bxf3 14. gxf3 Nd4 15. Re4 Nxc2 16. Rb1 f5 17. Rc4 Nb4 18. Be3 Nc6 19. Nb5 a6
20. Nxd6+ Rxd6 21. f4 Rhd8 22. Rbc1 Rd1+ 23. Ke2 Rxc1 24. Rxc1 Nd4+ 25. Kf1 Ne6
26. Ke2 Nd4+ 27. Kf1 Ne6 28. Kg2 Nd4 29. Kf1 1/2-1/2

[Event "Detroit (WCO/4/11)"]
[Site "?"]
[Date "1995.??.??"]
[Round "?"]
[White "Torres, D."]
[Black "Vaughn, Gerald"]
[Result "0-1"]
[WhiteElo "1605"]
[BlackElo "1605"]
[PlyCount "80"]
[EventDate "1995.??.??"]

{4/(11)} 1. e4 c5 2. Nf3 Nc6 3. c3 d5 4. d4 dxe4 5. Ng5 cxd4 6. cxd4 Nf6 7. Bb5
Bd7 8. d5 Nb4 9. Nc3 Nbxd5 10. Nxd5 Bxb5 11. Nxf6+ gxf6 12. Nxe4 Qxd1+ 13. Kxd1
Rd8+ 14. Bd2 f5 15. Nc3 Bc6 16. f3 Rg8 17. Rg1 Bxf3+ 18. Ke1 Rxg2 19. Rxg2 Bxg2
20. Nb5 Bg7 21. Bc3 Bxc3+ 22. bxc3 a6 23. Nc7+ Kd7 24. Nxa6 bxa6 25. Kf2 Be4
26. Rd1+ Kc7 27. Rg1 Rd2+ 28. Kg3 Rxa2 29. Re1 Rc2 30. Re3 e5 31. Kh4 Rxh2+ 32.
Kg3 f4+ 33. Kxh2 fxe3 34. Kg1 e2 35. Kf2 Bd3 36. Ke1 a5 37. Kd2 Bc4 38. Kc2 h5
39. Kb2 e1=Q 40. Ka3 Qa1# 0-1

[Event "Detroit (WCO/2/14)"]
[Site "?"]
[Date "1995.??.??"]
[Round "?"]
[White "Torres, D."]
[Black "Martinez, M."]
[Result "1-0"]
[WhiteElo "1605"]
[BlackElo "1605"]
[PlyCount "47"]
[EventDate "1995.??.??"]

{2/(14)} 1. e4 e5 2. Bc4 Bc5 3. Qf3 Nf6 4. d3 O-O 5. Bg5 d6 6. Bxf6 Qxf6 7. d4
exd4 8. h4 Qxf3 9. gxf3 Bb4+ 10. Nc3 Bxc3+ 11. bxc3 Nc6 12. O-O-O dxc3 13. Rd3
Be6 14. Rxc3 Bxc4 15. Rxc4 b5 16. Rxc6 Rac8 17. Nh3 a5 18. Nf4 Rfe8 19. Nd5 Re7
20. Nxe7+ Kh8 21. Nxc8 f6 22. Rxc7 g5 23. Nxd6 gxh4 24. Rxh4 1-0

[Event "Troy (TCC Beg/1/5)"]
[Site "?"]
[Date "1995.??.??"]
[Round "?"]
[White "Torigian, J."]
[Black "Ross, A."]
[Result "0-1"]
[WhiteElo "1605"]
[BlackElo "1605"]
[PlyCount "38"]
[EventDate "1995.??.??"]

{1/(5)} 1. Nf3 Nf6 2. Nc3 d6 3. d3 g6 4. Bg5 Bg7 5. e3 O-O 6. Be2 e5 7. d4 Nc6
8. Bb5 Ne7 9. O-O a6 10. Ba4 b5 11. Bb3 Bb7 12. Nh4 h6 13. Bxf6 Bxf6 14. g3 Qd7
15. dxe5 Bxe5 16. Re1 Bf6 17. Qd2 Bxh4 18. gxh4 Qh3 19. Qd4 Qg2# 0-1

[Event "Troy (TCC Beg/2/7)"]
[Site "?"]
[Date "1995.??.??"]
[Round "?"]
[White "Torigian, J."]
[Black "Chia, L."]
[Result "0-1"]
[WhiteElo "1605"]
[BlackElo "1605"]
[PlyCount "62"]
[EventDate "1995.??.??"]

{2/(7)} 1. Nf3 c5 2. c4 Nc6 3. Nc3 e6 4. e3 Nf6 5. Bd3 d5 6. O-O Be7 7. b3 O-O
8. Ba3 a6 9. Ng5 Ne4 10. Ne2 Nxg5 11. h4 dxc4 12. bxc4 Qxd3 13. hxg5 Qxa3 14.
Kh2 Bxg5 15. Rh1 Qd3 16. Kg3 Ne5 17. Qg1 Nxc4 18. Qh2 h6 19. Nc1 Qg6 20. d3
Bf6+ 21. Kf3 Bxa1 22. dxc4 Qf5+ 23. Kg3 Be5+ 24. f4 Qg6+ 25. Kf3 Bf6 26. Ne2 e5
27. g4 e4+ 28. Kg3 Qxg4+ 29. Kf2 Rd8 30. Rg1 Bh4+ 31. Kf1 Rd1# 0-1

[Event "Eastpointe (MCO/2/34)"]
[Site "?"]
[Date "1995.??.??"]
[Round "?"]
[White "Tiwari, P."]
[Black "Sunts, A."]
[Result "0-1"]
[WhiteElo "1605"]
[BlackElo "1605"]
[PlyCount "67"]
[EventDate "1995.??.??"]

{2/(34)} 1. e4 e5 2. Nf3 Nc6 3. Bc4 Be7 4. Nc3 Nf6 5. d4 exd4 6. Nxd4 O-O 7. h4
d6 8. Nxc6 bxc6 9. h5 Bg4 10. Be2 Bxe2 11. Qxe2 d5 12. h6 g6 13. e5 Ne8 14. Bd2
d4 15. Ne4 c5 16. O-O-O c6 17. f4 f5 18. exf6 Bxf6 19. Nxc5 Qd5 20. Nb3 Nd6 21.
Be3 Rae8 22. Rd3 c5 23. Nxc5 Qxc5 24. Qd1 Nf5 25. Bxd4 Nxd4 26. c3 Ne2+ 27. Kb1
Nxf4 28. Qb3+ Kh8 29. Rd7 Qf5+ 30. Ka1 Qxd7 31. Rd1 Qc6 32. Qb4 Nxg2 33. a3 Ne3
34. Kb1 0-1

[Event "Eastpointe (MCO/4/38)"]
[Site "?"]
[Date "1995.??.??"]
[Round "?"]
[White "Tiwari, P."]
[Black "Rucker, Ed"]
[Result "0-1"]
[WhiteElo "1605"]
[BlackElo "1605"]
[PlyCount "34"]
[EventDate "1995.??.??"]

{4/(38)} 1. e4 e5 2. Nf3 Bd6 3. Bc4 Nf6 4. Ng5 O-O 5. h4 h6 6. Nf3 Nxe4 7. d4
exd4 8. Nxd4 Qf6 9. Be3 Re8 10. f3 Bg3+ 11. Ke2 Nf2 12. Qf1 Qxd4 13. Qc1 Qxc4+
14. Ke1 Nd3+ 15. Ke2 Nxc1+ 16. Kd2 Qe2+ 17. Kc3 Qxe3+ 0-1

[Event "Detroit (MI Action/4/18)"]
[Site "?"]
[Date "1995.??.??"]
[Round "?"]
[White "Timberlake, W."]
[Black "Hooker, Larry"]
[Result "1-0"]
[WhiteElo "1605"]
[BlackElo "1605"]
[PlyCount "57"]
[EventDate "1995.??.??"]

{4/(18)} 1. e4 e5 2. Bc4 Nc6 3. Nf3 Nf6 4. d3 Bc5 5. Qe2 O-O 6. Nc3 Bb4 7. Ng5
Bxc3+ 8. bxc3 d5 9. exd5 Nxd5 10. O-O Na5 11. Qh5 h6 12. Ne4 Nxc4 13. dxc4 Ne7
14. Bxh6 gxh6 15. Nf6+ Kg7 16. Qxe5 Rh8 17. Rad1 Qf8 18. Nd7+ f6 19. Qg3+ Kf7
20. Nxf8 Rxf8 21. Rfe1 Be6 22. Qxc7 Rac8 23. Qd6 Rc6 24. Qf4 Rxc4 25. Qxh6 Rxc3
26. Qh5+ Ng6 27. Qh7+ Ke8 28. Rxe6+ Ne7 29. Qxe7# 1-0

[Event "Detroit (MI Action/2/20)"]
[Site "?"]
[Date "1995.??.??"]
[Round "?"]
[White "Timberlake, W."]
[Black "Goode, Randy"]
[Result "0-1"]
[WhiteElo "1605"]
[BlackElo "1605"]
[PlyCount "48"]
[EventDate "1995.??.??"]

{2/(20)} 1. e4 e5 2. Nc3 Bc5 3. Qf3 Nf6 4. Bc4 d6 5. Nge2 Bg4 6. Qg3 O-O 7. d4
exd4 8. Nd5 Bxe2 9. Bg5 Nh5 10. Nf6+ Qxf6 11. Qh4 Bb4+ 12. Kxe2 Qg6 13. Bd3 f6
14. e5 fxg5 15. Qxd4 Rf4 16. Qd5+ Qf7 17. Qxb7 Nc6 18. Qxa8+ Nd8 19. Qxd8+ Qf8
20. Bxh7+ Kxh7 21. Qxf8 Rxf8 22. exd6 Bxd6 23. g3 Bc5 24. Rhf1 Re8+ 0-1

[Event "East Lansing (Class DE/5/20)"]
[Site "?"]
[Date "1995.??.??"]
[Round "?"]
[White "Timberlake, B."]
[Black "Woods, O."]
[Result "1-0"]
[WhiteElo "1605"]
[BlackElo "1605"]
[PlyCount "41"]
[EventDate "1995.??.??"]

{5/(20)} 1. e4 e6 2. Nc3 d5 3. exd5 exd5 4. d4 Nf6 5. Be3 Bb4 6. Qd2 O-O 7.
Nge2 Nc6 8. a3 Bxc3 9. bxc3 Ne4 10. Qc1 Qf6 11. f3 Nd6 12. Nf4 Be6 13. Bd3 Rfe8
14. O-O Na5 15. Qe1 Nac4 16. Nh5 Qe7 17. Qg3 g6 18. Bg5 Qd7 19. Nf6+ Kg7 20.
Qh4 Rh8 21. Qh6# 1-0